ბათუმის შოთა რუსთაველის სახელმწიფო უნივერსიტეტის ბიბლიოთეკა

სოციალური შრომის დანაწილება=De la division du travail social. (ბიბ.ჩანაწერი № 44015)

000 -LEADER
fixed length control field 01117nam a2200253Ia 4500
001 - CONTROL NUMBER
control field 10765
003 - CONTROL NUMBER IDENTIFIER
control field GE_BSU
008 - FIXED-LENGTH DATA ELEMENTS--GENERAL INFORMATION
fixed length control field 181216s||||||||xx |||||||||||||| ||und||
020 ## - INTERNATIONAL STANDARD BOOK NUMBER
International Standard Book Number 9789941042225
040 ## - CATALOGING SOURCE
Transcribing agency GE_BSU
080 ## - UNIVERSAL DECIMAL CLASSIFICATION NUMBER
Universal Decimal Classification number 331.101.23+316.4.063.22
100 ## - MAIN ENTRY--PERSONAL NAME
Personal name დიურკემი,ემილ.
245 ## - TITLE STATEMENT
Title სოციალური შრომის დანაწილება=De la division du travail social.
245 ## - TITLE STATEMENT
Statement of responsibility, etc. თარგმანი ფრანგულიდან:დოდო ლაბუჩიძე-ხოფერია; სამეცნ.რედ:დემურ ქერქაძე.
250 ## - EDITION STATEMENT
Edition statement 1-ლი ქართ.გამოც.
260 ## - PUBLICATION, DISTRIBUTION, ETC.
Place of publication, distribution, etc. თბილისი
260 ## - PUBLICATION, DISTRIBUTION, ETC.
Name of publisher, distributor, etc. Carpe diem; [ალექსანდრე ალადაშვილი]
260 ## - PUBLICATION, DISTRIBUTION, ETC.
Date of publication, distribution, etc. 2012
300 ## - PHYSICAL DESCRIPTION
Extent 576გვ;20სმ.
300 ## - PHYSICAL DESCRIPTION
Other physical details ბიბლიოგრ.ტექსტ.შენიშვნ.
653 ## - INDEX TERM--UNCONTROLLED
Uncontrolled term სოციალური შრომის დანაწილება=De la division du travail social.
942 ## - ADDED ENTRY ELEMENTS (KOHA)
Koha item type წიგნი
ეგზემპლარები
Withdrawn status Lost status Damaged status Not for loan Date acquired Barcode Date last seen Price effective from Koha item type
        2018-12-17 35100 2018-12-17 2018-12-17 წიგნი
        2018-12-17 35101 2018-12-17 2018-12-17 წიგნი
        2018-12-17 35102 2018-12-17 2018-12-17 წიგნი
        2018-12-17 35103 2018-12-17 2018-12-17 წიგნი